matematyka - Statystyki

Ogólne statystyki
  • Ten quiz został rozwiązany 676 razy
  • Średni wynik to 12 z 15
Statystyki odpowiedzi
question Odpowiedź % Poprawnych
1x1 1
100%
2x2 4
99%
3x3 9
99%
4x4 16
98%
5x5 25
97%
6x6 36
93%
7x7 49
86%
8x8 64
80%
9x9 81
75%
10x10 100
73%
11x11 121
64%
12x12 144
53%
13x13 169
50%
15x15 225
45%
14x14 196
39%
Nie znaleziono quizów pasujących do podanych kryteriów
Rozkład punktacji
Procent ludzi z każdym wynikiem
Percentyl według liczby udzielonych odpowiedzi
Twoja historia wyników
Nie rozwiązałeś tego quizu